000 00306nam a2200133 i 4500
001 bg
100 1 _aORŁOWSKI, B.
245 0 _aNie tylko szablą i piórem /
_cB. Orłowski.
260 _aWarszawa,
_c1985.
040 _cBPK
041 _apol
942 _cKS
008 s pl f |000 0 pol
999 _c28121
_d28121
856 _uhttp://koha.tu.koszalin.pl/cgi-bin/koha/opac-detail.pl?biblionumber=28121
_yKatalog online BPK